00253nam a2200097Ia 4500008004100000100001800041245004400059260003000103300000900133650001300142190216s9999||||xx |||||||||||||| ||und|| aJoan Robinson 0aEssays In The Theory Of Economic Growth bMacmillan India Ltdc1968 a137p aCommerce